Del Rey y de la Institución Real / (Record no. 97844)

MARC details
000 -LEADER
campo de control de longitud fija 00679nam a2200217 i 4500
001 - NÚMERO DE CONTROL
campo de control 97844
003 - IDENTIFICADOR DE NÚMERO DE CONTROL
campo de control ES-MaACL
005 - FECHA Y HORA DE LA ÚLTIMA TRANSACCIÓN
campo de control 20240512063036.0
007 - CAMPO FIJO DE DESCRIPCIÓN FÍSICA--INFORMACIÓN GENERAL
campo de control de longitud fija t|
008 - DATOS DE LONGITUD FIJA--INFORMACIÓN GENERAL
campo de control de longitud fija 050719s1961 sp ||||1| spa d
100 1# - ENTRADA PRINCIPAL--NOMBRE DE PERSONA
Nombre de persona Mariana, Juan de,
Fechas asociadas al nombre 1536-1624
9 (RLIN) 76675
245 10 - MENCIÓN DEL TÍTULO
Título Del Rey y de la Institución Real /
Mención de responsabilidad, etc. Padre Juan de Mariana.
260 ## - PUBLICACIÓN, DISTRIBUCIÓN, ETC.
Lugar de publicación, distribución, etc. Madrid :
Nombre del editor, distribuidor, etc. Publicaciones Españolas,
Fecha de publicación, distribución, etc. 1961.
300 ## - DESCRIPCIÓN FÍSICA
Extensión 2 v. ;
Dimensiones 17 cm.
490 1# - MENCIÓN DE SERIE
Mención de serie El libro para todos ;
Designación de volumen o secuencia 13 y 14
650 #4 - PUNTO DE ACCESO ADICIONAL DE MATERIA--TÉRMINO DE MATERIA
Término de materia o nombre geográfico como elemento de entrada Monarquía.
9 (RLIN) 15143
650 04 - PUNTO DE ACCESO ADICIONAL DE MATERIA--TÉRMINO DE MATERIA
Término de materia o nombre geográfico como elemento de entrada Soberanía.
9 (RLIN) 17146
830 0# - PUNTO DE ACCESO ADICIONAL DE SERIE-TÍTULO UNIFORME
Título uniforme El libro para todos ;
Designación de volumen o secuencia 13 y 14
9 (RLIN) 182850
852 ## - LOCALIZACIÓN
Ubicación ES-MaACL
Número de control de estantería E-10104-5
Sublocalización o colección R.48374
Holdings
Estatus retirado Estado de pérdida Estado de daño No para préstamo Biblioteca de origen Biblioteca actual Ubicación en estantería Fecha de adquisición Fuente de adquisición Total de préstamos Signatura topográfica completa Código de barras Visto por última vez Precio de reemplazo Tipo de ítem Koha
        Biblioteca del Ateneo de Madrid Biblioteca del Ateneo de Madrid Depósito 2 17/01/2008     E-10104-5 1102135 23/02/2023 23/02/2023 Libro impreso